|
|
แสดงรายละเอียดบรรณานุกรม |
|
|
Brief Record
: Get Marc (ISO 2709)
: E-mail record
: |
|
|
| LEADER 00000nama 2200000uu 4500 | |||
| 001 182957 | |||
| 003 ULIBM | |||
| 008 040531s2542 th m m a000 0 tha d | |||
| 020 974-846-255-2 | |||
| 041 tha | |||
| 050 QA76.76 พ553ค | |||
| 100 พันจันทร์ ธนวัฒนเสถียร | |||
| 245 คู่มือการใช้ Microsoft Windows 98 : ฉบับเพื่อการใช้งานจริง / พันจันทร์ ธนวัฒนเสถียร | |||
| 250 2 | |||
| 260 กรุงเทพฯ ซัคเซสมีเดีย 2542 | |||
| 300 1 เล่ม(ไม่เรียงเลขหน้า) | |||
| 650 โปรแกรมคอมพิวเตอร์ MicrosoftWindows 98 (โปรแกรมคอมพิวเตอร์) | |||
| 998 1999-10-02 | |||
| 999 ^aใช้งานได้ทุกระบบ | |||
| คุณยังไม่ได้ล็อกอิน คุณสามารถมีกิจกรรมร่วมกับเว็บไซต์ได้ แต่ต้องล็อกอินก่อน :: |
|
| สถานะ | |||||||||
| 1. | หนังสือทั่วไป | QA76.76 พ553ค 2542 | On Shelf ขอยืม | ||||||
| 2. | หนังสือทั่วไป | QA76.76 พ553ค 2542 | On Shelf ขอยืม | ||||||
| 3. | หนังสือทั่วไป | QA76.76 พ553ค 2542 | On Shelf ขอยืม | ||||||
| 4. | หนังสือทั่วไป | QA76.76 พ553ค 2542 | On Shelf ขอยืม | ||||||
| [แสดง 4/4 รายการ] | |||||||||
| รายการใกล้เคียง ผู้แต่ง [พันจันทร์ ธนวัฒนเสถียร]
|
BibComment |
| คอมเมนท์ทรัพยากรรายการนี้ |
|
|